[Event "Czech Open A"]
[Site "Pardubice CZE"]
[Date "2009.07.24"]
[Round "1"]
[White "Cerveny,M"]
[Black "Petr,Ja1"]
[Result "1-0"]
[WhiteElo "2380"]
[BlackElo "2220"]

1.d4 d5 2.c4 Nc6 3.cxd5 Qxd5 4.e3 e5 5.Nc3 Bb4 6.Bd2 Bxc3 7.bxc3 Qd6 8.Rb1 b6
9.Ne2 Nge7 10.Ng3 O-O 11.Be2 Be6 12.a4 Rad8 13.O-O Na5 14.Bc1 Bc4 15.Bxc4 Nxc4
16.Qe2 Qe6 17.Rb5 c6 18.Rb4 Nd6 19.e4 exd4 20.Rxd4 c5 21.Rdd1 Qc4 22.Qc2 Nc6
23.f4 f6 24.h4 Nf7 25.h5 Rfe8 26.Bb2 Nh6 27.Rxd8 Rxd8 28.Rd1 Nf7 29.Rxd8+ Ncxd8
30.Qd1 Qe6 31.h6 Qd6 32.Qxd6 Nxd6 33.hxg7 Nc4 34.Bc1 Kxg7 35.Kf2 Nc6 36.Nf5+ Kf7
37.Ke2 N6a5 38.Kd3 Ke6 39.g4 a6 40.Ne3 Nxe3 41.Bxe3 Kd6 42.c4 Nc6 43.Bf2 Ke6
44.Bg3 Nb4+ 45.Kc3 Nc6 46.Bf2 Kd6 47.Bh4 Ke6 48.Bg3 Ke7 49.Be1 Kd7 50.Kd3 Nb4+
51.Ke2 Nc6 52.Bc3 Ke7 53.Ke3 Nb4 54.e5 fxe5 55.Bxe5 Kd7 56.f5 Nc6 57.Bc3 Nb4
58.Ke4 Nc2 59.g5 Na3 60.Kd5 Nc2 61.g6 hxg6 62.fxg6 Ne3+ 63.Ke4 Ng4 64.g7 Nh6
65.Bd2 Ng8 66.Kf5 b5 67.cxb5 axb5 68.axb5 c4 69.Kg6  1-0

[Event "XXXV d'Esca Open"]
[Site "Sitges ESP"]
[Date "2009.07.24"]
[Round "3"]
[White "Cruz,Cr"]
[Black "Lettieri,G"]
[Result "1-0"]
[WhiteElo "2525"]
[BlackElo "2363"]

1.d4 d5 2.c4 Nc6 3.cxd5 Qxd5 4.e3 e5 5.Nc3 Bb4 6.Bd2 Bxc3 7.bxc3 Nf6 8.f3 O-O
9.c4 Qd6 10.d5 Ne7 11.e4 Nd7 12.Ne2 Nc5 13.Nc3 a6 14.Be2 f5 15.O-O b6 16.Na4 fxe4
17.Nxc5 Qxc5+ 18.Kh1 e3 19.Bc3 Ng6 20.Qb3 a5 21.Rfe1 Bf5 22.Rad1 Rfe8 23.Bf1 Nf4
24.Qb2 e4 25.Bxg7 Nd3 26.Bxd3 exd3 27.Bh6 Re7 28.Rxe3 Qxe3 29.Bxe3 Rxe3 30.h4 Rae8
31.h5 Re1+ 32.Rxe1 Rxe1+ 33.Kh2 Kf7 34.Qd2 Re2 35.Qg5 Bd7 36.Qh6 Bf5 37.Qf4 Kf6
38.d6 cxd6 39.Qxd6+ Kg5 40.Kg3 d2 41.f4+ Kxh5 42.Qf6 Re3+ 43.Kh2 h6 44.Qxf5+ Kh4
45.g3+ Rxg3 46.Qf6+ Kh5 47.Kxg3 d1=Q 48.Qf5+  1-0

[Event "ZMD Open"]
[Site "Dresden GER"]
[Date "2009.07.25"]
[Round "1"]
[White "Heinig,Wo"]
[Black "Mueller,And2"]
[Result "1-0"]
[WhiteElo "2334"]
[BlackElo "1841"]

1.d4 d5 2.c4 Nc6 3.Nf3 Bg4 4.cxd5 Bxf3 5.dxc6 Bxc6 6.Nc3 Nf6 7.f3 e6 8.e4 Be7
9.Be3 O-O 10.Be2 Qd7 11.O-O Rfd8 12.Qc2 Bb4 13.Rfd1 h6 14.Rd2 a6 15.a3 Ba5
16.Rad1 Qe7 17.Bf1 Rd7 18.Bf2 Rad8 19.b4 Bb6 20.Qb2 Ra8 21.a4 Rdd8 22.a5 Ba7
23.b5 axb5 24.Nxb5 Bxb5 25.Qxb5 c6 26.Qc4 Bb8 27.Ra2 Bc7 28.a6 Rxa6 29.Rxa6 bxa6
30.Qxc6 a5 31.Rc1 Bf4 32.Rc2 Qa3 33.Rc3 Qb4 34.g3 Bd2 35.Rd3 Qb2 36.d5 e5
37.d6 Bb4 38.d7 Be7 39.Bh3 Qb1+ 40.Bf1 Rb8 41.Qc7 Bd8 42.Qxe5 Qb4 43.Bc5 Qb5
44.Qd6 Nxd7 45.Rd5 Qb3 46.Qxd7 Qxf3 47.Qe8+ Kh7 48.Rf5 Qd1 49.Qxf7 Bb6 50.Bxb6 Rxb6
51.Rd5 Qg4 52.Qf5+ Qxf5 53.exf5 a4 54.Ra5 Rb4 55.Kf2 Rb2+ 56.Be2 Rb4 57.Ke3 Rb3+
58.Bd3 a3 59.f6+  1-0

[Event "2nd Open"]
[Site "Paleohora GRE"]
[Date "2009.07.26"]
[Round "7"]
[White "Turov,M"]
[Black "Das,Arg"]
[Result "1-0"]
[WhiteElo "2561"]
[BlackElo "2392"]

1.d4 d5 2.c4 Nc6 3.Nc3 dxc4 4.d5 Ne5 5.Qd4 Ng6 6.Qxc4 a6 7.Qb3 e5 8.dxe6 fxe6
9.h4 Bc5 10.Nf3 Qd6 11.Ne4 Bb4+ 12.Bd2 Bxd2+ 13.Nfxd2 Qc6 14.Rh3 Nf6 15.Rc3 Qd7
16.Nxf6+ gxf6 17.Qc2 c6 18.O-O-O O-O 19.Nc4 Qc7 20.h5 Nf4 21.Rg3+ Kh8 22.e3 Nd5
23.h6 Rg8 24.Rxg8+ Kxg8 25.e4 Ne7 26.Qd2 Kf7 27.Qd8 Qxd8 28.Rxd8 b5 29.Nd6+ Kg6
30.Re8  1-0

[Event "ZMD Open"]
[Site "Dresden GER"]
[Date "2009.07.27"]
[Round "3"]
[White "Schott,P"]
[Black "Shteinberg,V"]
[Result "0-1"]
[WhiteElo "1799"]
[BlackElo "2171"]

1.d4 d5 2.c4 Nc6 3.Nf3 Bg4 4.cxd5 Bxf3 5.gxf3 Qxd5 6.e3 e6 7.Nc3 Qh5 8.f4 Qxd1+
9.Kxd1 O-O-O 10.Bg2 Nge7 11.a3 Na5 12.b4 Nc4 13.Kc2 Nd5 14.Kb3 Ncb6 15.e4 Nxc3
16.Kxc3 g6 17.Be3 Bg7 18.Rhd1 Rd7 19.Rd2 Rhd8 20.Rad1 Kb8 21.Kb3 a6 22.d5 exd5
23.Bxb6 cxb6 24.Rxd5 Rxd5 25.Rxd5 Rxd5 26.exd5 Kc7 27.a4 Kd6 28.Kc4 f5 29.Kd3 Bb2
30.Kc4 Bc1 31.h3 Bxf4 32.Bh1 Bd2 33.f3 Ke5 34.b5 Bg5 35.Bg2 Be7 36.f4+ Kxf4
37.d6 Bxd6 38.Bxb7 a5 39.Bg2 Kg3 40.Bf1 Kf2 41.Bd3 Kg2 42.Kd5 Bc5  0-1

[Event "Czech Open A"]
[Site "Pardubice CZE"]
[Date "2009.07.27"]
[Round "4"]
[White "Terrieux,K"]
[Black "Osmolny,V"]
[Result "1/2-1/2"]
[WhiteElo "2442"]
[BlackElo "2283"]

1.d4 d5 2.c4 Nc6 3.cxd5 Qxd5 4.e3 e5 5.Nc3 Bb4 6.Bd2 Bxc3 7.bxc3 Nf6 8.c4 Qd6
9.d5 Ne7 10.Qb1 Nd7 11.Ne2 Nc5 12.Nc3 a6 13.Bd3 f5 14.O-O O-O 15.Bc2 Bd7
16.a4 Rf6 17.f4 Re8 18.Qb4 exf4 19.exf4 Ng6 20.a5 b6 21.g3 h5 22.Rfe1 Rxe1+
23.Rxe1 h4 24.Be3 Nf8 25.axb6 cxb6 26.Bxc5 bxc5 27.Qb2 hxg3 28.hxg3 Ng6 29.Ne2 Rf8
30.Qc3 Ra8 31.Ra1 Re8 32.Kf2 Nf8 33.Ng1 Qh6 34.Nf3 Nh7 35.Re1 Nf6 36.Rxe8+ Bxe8
37.Bxf5 Bd7 38.Qe5 Bxf5 39.Qxf5 Qh1 40.Qe6+ Kh8 41.g4 Qb1 42.Qc8+ Kh7 43.Qf5+ Qxf5
44.gxf5 Ne8 45.Ke3 Nd6 46.Kd3 Kg8 47.Ne5 Nb7 48.Kc3 Kf8 49.Ng4 Ke7 50.Kd3 Nd6
51.Nf2 Nb7 52.Ne4 Kf7 53.Ke3 Ke7 54.Kf3 Kf7 55.Kg4 a5 56.d6 a4 57.d7 Ke7
58.Kg5 a3 59.Nc3 Nd6 60.Kg6 Kxd7 61.Kxg7 Nxf5+ 62.Kf6 Nd6 63.Ke5 Kc6 64.f5 Nxc4+
65.Ke4 Nd6+ 66.Ke5 Nf7+ 67.Ke4 Nd6+ 68.Ke5 Nb5 69.Na2 Nd6 70.f6 Nf7+ 71.Ke4 Kb5  1/2-1/2

[Event "ch-AUT"]
[Site "Jenbach AUT"]
[Date "2009.07.30"]
[Round "6"]
[White "Anfang,M"]
[Black "Hoebarth,G"]
[Result "1-0"]
[WhiteElo "2008"]
[BlackElo "2005"]

1.c4 d5 2.d4 Nc6 3.Nf3 e5 4.e3 Bg4 5.Be2 Bb4+ 6.Nc3 exd4 7.Nxd4 Bxe2 8.Qxe2 Nxd4
9.exd4+ Qe7 10.Be3 Nf6 11.cxd5 Nxd5 12.O-O Bxc3 13.bxc3 O-O 14.c4 Nxe3 15.Qxe3 Rfe8
16.Qxe7 Rxe7 17.Rfe1 Rae8 18.Kf1 Kf8 19.Rxe7 Rxe7 20.Re1 Re6 21.Rxe6 fxe6
22.Ke2 Ke7 23.g4 Kd6 24.f4 c5 25.Kd3 Kc6 26.h4 Kd6 27.a4 a5 28.g5 g6 29.Ke4 Kc6
30.Ke5 cxd4 31.Kxd4 Kd6 32.c5+ Kc6 33.Kc4 b6 34.cxb6 Kxb6 35.Kd4 Kc6 36.Ke5 Kc5
37.Kxe6 Kb4 38.f5 gxf5 39.Kxf5 Kxa4 40.h5 Kb3 41.g6 hxg6+ 42.hxg6 a4 43.g7 a3
44.g8=Q+ Kb2 45.Qg2+  1-0

[Event "Czech Open A"]
[Site "Pardubice CZE"]
[Date "2009.07.30"]
[Round "7"]
[White "Bernasek,J"]
[Black "Paci,C"]
[Result "0-1"]
[WhiteElo "2470"]
[BlackElo "2325"]

1.d4 d5 2.c4 Nc6 3.cxd5 Qxd5 4.e3 e5 5.Nc3 Bb4 6.Bd2 Bxc3 7.Bxc3 exd4 8.Ne2 Nf6
9.Nxd4 O-O 10.Nb5 Qg5 11.h4 Qh6 12.Be2 Bf5 13.g4 Rad8 14.Qa4 Be4 15.g5 Qg6
16.Rg1 Nd5 17.h5 Qe6 18.O-O-O a6 19.Rxd5 axb5 20.Rxb5 Ra8 21.Qb3 Rxa2 22.Qxe6 fxe6
23.Rg4 Ra1+ 24.Kd2 Rd8+ 25.Bd4 Bf5 26.Rf4 Na5 27.b4 Nb3+ 28.Kc3 Ra3 29.Kb2 Rda8
30.Bc4 Ra2+ 31.Kc3 R8a3  0-1

[Event "14th Open"]
[Site "Creon FRA"]
[Date "2009.07.31"]
[Round "7"]
[White "Navrotescu,A"]
[Black "Sudupe,F"]
[Result "1/2-1/2"]
[WhiteElo "1847"]
[BlackElo "1962"]

1.d4 d5 2.c4 Nc6 3.Nc3 dxc4 4.Nf3 Nf6 5.e3 Bg4 6.Bxc4 a6 7.O-O e6 8.h3 Bh5
9.g4 Bg6 10.Ne5 Nxe5 11.dxe5 Ne4 12.f4 Qxd1 13.Rxd1 Bc5 14.Nxe4 Bxe4 15.a3 Bc2
16.Re1 b5 17.Bf1 Be4 18.b4 Bb6 19.Bg2 Bxg2 20.Kxg2 Ke7  1/2-1/2

[Event "Czech Open A"]
[Site "Pardubice CZE"]
[Date "2009.07.31"]
[Round "8"]
[White "Schlosser,P"]
[Black "Biolek,R1"]
[Result "1-0"]
[WhiteElo "2560"]
[BlackElo "2361"]

1.d4 d5 2.c4 Nc6 3.e3 dxc4 4.Bxc4 e5 5.Nf3 Bb4+ 6.Nc3 e4 7.Nd2 Nf6 8.O-O Bxc3
9.bxc3 O-O 10.Bb2 Bg4 11.f3 exf3 12.gxf3 Bh3 13.Rf2 Nd5 14.Bxd5 Qxd5 15.Kh1 Rfe8
16.c4 Qh5 17.e4 Rad8 18.d5 Ne5 19.Qb3 b6 20.Rg1 Qh4 21.Rg3 Ng6 22.Qe3 Bc8
23.f4 f5 24.Nf3 Qe7 25.Ne5 Rd6 26.Rfg2 Qh4 27.Qf2 Qh6 28.Nxg6 Rxg6 29.e5 Bb7
30.Qf3 Rxg3 31.Rxg3 b5 32.c5 Rd8 33.c6 Bc8 34.e6 Bxe6 35.Bxg7 Bxd5 36.Bxh6+  1-0

[Event "4th Timisoara Cup A"]
[Site "Timisoara ROM"]
[Date "2009.08.01"]
[Round "1"]
[White "Foisor,S"]
[Black "Emodi,G"]
[Result "1/2-1/2"]
[WhiteElo "2304"]
[BlackElo "2311"]

1.d4 d5 2.c4 Nc6 3.Nf3 e6 4.Nc3 a6 5.e3 Nf6 6.Be2 Be7 7.O-O O-O 8.b3 b6 9.Bb2 Bb7
10.Rc1 Ne4 11.Ne1 Nxc3 12.Bxc3 Ba3 13.Rb1 Qe7 14.Nd3 a5 15.f4 Nb4 16.Bxb4 Bxb4
17.Qc1 Ba3 18.Qc3 c5 19.cxd5 exd5 20.Rf3 c4 21.Nf2 b5 22.bxc4 Bb4 23.Qc2 bxc4
24.f5 f6 25.g4 Rac8 26.Kh1 Bc6 27.Rg1 Rc7 28.h4 Qe8 29.Bd1 Re7 30.Rgg3 Be1
31.g5 Kh8 32.Kg2 Bxf2 33.Qxf2 Ba4 34.Bxa4 Qxa4 35.Qb2 Qb4 36.Rf2 fxg5 37.hxg5 Rxf5
38.Qc2 Rxf2+ 39.Qxf2 Re8 40.Qf7 Rf8 41.Qxd5 Qd2+ 42.Kh3 Qe2 43.g6 hxg6 44.Rxg6 Qf3+
45.Qxf3 Rxf3+ 46.Kg4 Rxe3 47.Kf4 Ra3 48.Rc6 Kg8 49.Rxc4 Rxa2 50.Rc7 Kf8 51.Ra7 a4
52.d5 a3 53.d6 Rd2 54.Rxa3 Rxd6 55.Ra7 Rd5 56.Kg4 Kg8 57.Rb7 Kh7 58.Ra7 Kh6
59.Kg3 g5 60.Ra8 Rd4 61.Rb8 Kg6 62.Rg8+ Kf6 63.Rf8+ Kg7 64.Ra8 Rd6 65.Kg4 Kf6
66.Rf8+  1/2-1/2

[Event "Centroamericano & Caribbean U20"]
[Site "Medellin COL"]
[Date "2009.08.02"]
[Round "5"]
[White "Lopez Idarraga,D"]
[Black "Garcia,Ser"]
[Result "1/2-1/2"]
[WhiteElo "1992"]
[BlackElo "2186"]

1.d4 d5 2.c4 Nc6 3.e3 e5 4.Nc3 exd4 5.exd4 Nf6 6.Nf3 Be7 7.Be2 O-O 8.O-O Bg4
9.Be3 dxc4 10.Bxc4 Nb4 11.d5 c6 12.dxc6 Nxc6 13.Be2 Qa5 14.Qa4 Qxa4 15.Nxa4 Nd5
16.Bd2 Bf6 17.Rac1 Rfe8 18.Bd1 Ndb4 19.h3 Bf5 20.Bxb4 Nxb4 21.Bb3 Rac8 22.Rfe1 Rxe1+
23.Rxe1 Nd3 24.Re3 h6 25.Nc3 Kf8 26.Nb5 Be7 27.Nbd4 Bg6 28.Bc2 Nf4 29.Bxg6 Nxg6
30.g3 Bf6 31.Kg2 Rd8 32.Nf5 Ne7 33.Nxe7 Bxe7 34.Rc3 Ke8 35.Rc7 Rd7 36.Rxd7 Kxd7
37.Nd2 Ke6 38.Kf3 Kd5 39.Ke3 b5 40.Kd3 f5 41.f3 Bf6 42.b3 Be5 43.g4 fxg4
44.fxg4 Kc5 45.Nf3 Bb2 46.Ne1 Kd5 47.Nf3 a6 48.h4 Bf6 49.Ke3 Kc5 50.Kd3 a5
51.h5 Kb4 52.Kc2 Ka3 53.Kb1 Bc3 54.Kc2 b4 55.Kb1 a4 56.Kc2 Kxa2 57.bxa4 Be5
58.Nd2 Bc7 59.Nb3 Ka3 60.a5 Ka4 61.a6 Bb6 62.Nd2 Kb5 63.Kb3 Kxa6 64.Ne4 Kb5
65.Nd6+ Kc6 66.Nf5 Kd5 67.Nxg7 Bd4 68.Kxb4 Ke5  1/2-1/2

[Event "110th US Open"]
[Site "Indianapolis USA"]
[Date "2009.08.08"]
[Round "8"]
[White "Kaufman,La"]
[Black "Vilenchuk,M"]
[Result "1-0"]
[WhiteElo "2400"]
[BlackElo "2127"]


1.d4 d5 2.c4 Nc6 3.Nc3 dxc4 4.d5 Na5 5.Qa4+ c6 6.b4 cxb3 7.axb3 e6 8.Bd2 Nxb3
9.Qxb3 exd5 10.e4 d4 11.Nce2 Nf6 12.Ng3 Be7 13.Nf3 O-O 14.Be2 c5 15.O-O b6
16.Bc4 a6 17.Ne5 b5 18.Bxf7+ Kh8 19.Ba5 Qd6 20.f4 Rb8 21.Nf5 Bxf5 22.exf5 c4
23.Ng6+ hxg6 24.Qh3+ Nh5 25.fxg6 Rxf7 26.Qxh5+ Kg8 27.Qh7+  1-0

[Event "A2Bmedialtd.com Int Gp A"]
[Site "Uxbridge ENG"]
[Date "2009.08.16"]
[Round "9"]
[White "Tozer,R"]
[Black "Lyell,M"]
[Result "0-1"]
[WhiteElo "2296"]
[BlackElo "2288"]

1.d4 d5 2.c4 Nc6 3.Nf3 e5 4.dxe5 d4 5.g3 Nge7 6.Bg2 Ng6 7.Bg5 Qd7 8.e6 fxe6
9.O-O e5 10.a3 Qf7 11.Qc2 h6 12.Bc1 Be7 13.Nbd2 Bf5 14.Ne4 O-O 15.Bd2 Nd8
16.b4 c5 17.bxc5 Ne6 18.Ne1 Nxc5 19.Bb4 Rac8 20.Rc1 Rc7 21.Bxc5 Bxc5 22.Qb3 Be7
23.Nd3 Be6 24.Nd2 Bg5 25.f4 exf4 26.Ne4 Rxc4 27.Nxg5 hxg5 28.Rxc4 Bxc4 29.Qxb7 Qxb7
30.Bxb7 fxg3 31.hxg3 Rxf1+ 32.Kxf1 Bxd3 33.exd3 Ne5 34.Ke2 Kf7 35.Bd5+ Ke7
36.Kd2 Kd6 37.Bb3 Ng4 38.Ke2 Ke5 39.Kf3 Ne3 40.Kf2 g4 41.Ke2 Kd6 42.Kf2 Kc5
43.Be6 Nc2 44.Bxg4 Nxa3 45.Kf3 Nc2 46.Ke4 a5 47.Bd1 Ne3 48.Ba4 Nd5 49.Kf3 Kb4
50.Bd7 a4 51.Be6 Kc5 52.Ke4 Nb4 53.g4 a3 54.g5 a2 55.Bxa2 Nxa2 56.Kf5 Nb4
57.Kg6 Nxd3 58.Kxg7 Ne5 59.Kf6 Kd5  0-1

[Event "16th Vienna Open"]
[Site "Vienna AUT"]
[Date "2009.08.16"]
[Round "2"]
[White "Schroll,G"]
[Black "Rotoni,M"]
[Result "1-0"]
[WhiteElo "2400"]
[BlackElo "2189"]

1.d4 d5 2.c4 Nc6 3.cxd5 Qxd5 4.Nf3 e5 5.Nc3 Bb4 6.Bd2 Bxc3 7.Bxc3 e4 8.Nd2 Be6
9.e3 Nf6 10.Qa4 Qf5 11.Ba6 Bd7 12.Bxb7 Nd8 13.Qb3 Rb8 14.Bxe4 Nxe4 15.Qxb8 Qxf2+
16.Kd1 Ba4+ 17.Kc1 Qxg2 18.Re1 Nf2 19.Qxa7 Nd3+ 20.Kb1 O-O 21.Qxa4 Nxe1 22.a3 Nf3
23.Nxf3 Qxf3 24.Bb4 Qe4+ 25.Qc2 Re8 26.Qxe4 Rxe4 27.Bd2 Nb7 28.Kc2 Rh4 29.a4 Rh6
30.b4 Nd6 31.Kd3 Kf8 32.Rc1 Ne8 33.b5 Ke7 34.a5 Kd7 35.a6 Kc8 36.Ba5 Kb8
37.Rc5 Rxh2 38.Re5 Nd6 39.a7+ Kxa7 40.Bxc7 Nb7 41.Re7 Rf2 42.d5 Rb2 43.Kc4 Rc2+
44.Kd4 Rd2+ 45.Ke4 Rb2 46.Rxf7 Rxb5 47.Rxg7 h5 48.Rh7 Rb3 49.Be5 Ka6 50.Rh6+ Kb5
51.Bd4  1-0

[Event "16th Vienna Open"]
[Site "Vienna AUT"]
[Date "2009.08.17"]
[Round "3"]
[White "Timoscenko,G"]
[Black "Jaksland,T"]
[Result "1-0"]
[WhiteElo "2482"]
[BlackElo "2289"]

1.d4 d5 2.c4 Nc6 3.cxd5 Qxd5 4.e3 e5 5.Nc3 Bb4 6.a3 Bxc3+ 7.bxc3 Nf6 8.f3 O-O
9.e4 Qd6 10.d5 Ne7 11.Be3 Nd7 12.g4 Ng6 13.Ne2 Nc5 14.Bg2 b6 15.c4 Bd7 16.O-O Rfe8
17.Rb1 Rad8 18.Qd2 Rc8 19.Bf2 Nf4 20.Nxf4 exf4 21.Bd4 f6 22.Rfe1 g5 23.Qc3 Re5
24.h4 h6 25.Kf2 Rce8 26.Rh1 Kg7 27.hxg5 hxg5 28.Rh5 Rh8 29.Bxe5 Qxe5 30.Qxe5 Nd3+
31.Ke2 Nxe5 32.Rxh8 Kxh8 33.c5 Bc8 34.d6 Ba6+ 35.Kd1 cxd6 36.cxb6 axb6 37.Rxb6 Bc4
38.a4 Kg7 39.a5 d5 40.a6 dxe4 41.Rb7+  1-0

[Event "24th Open"]
[Site "Tetevan BUL"]
[Date "2009.08.18"]
[Round "5"]
[White "Janakiev,I"]
[Black "Pionova,S"]
[Result "0-1"]
[WhiteElo "2232"]
[BlackElo "2018"]

1.d4 d5 2.c4 Nc6 3.cxd5 Qxd5 4.e3 e5 5.Nc3 Bb4 6.a3 Bxc3+ 7.bxc3 Bf5 8.c4 Qd6
9.d5 Nce7 10.f3 e4 11.Bb2 f6 12.g4 Bg6 13.f4 c6 14.Ne2 cxd5 15.Nc3 Qb6 16.Qd2 Rd8
17.cxd5 h5 18.O-O-O hxg4 19.Bg2 f5 20.Bf1 Nc8 21.Nb5 Rd7 22.Bd4 Qd8 23.Nxa7 Nxa7
24.Bxa7 b6 25.Bb5 Qc7+ 26.Qc2 Qxa7 27.Qc8+ Ke7 28.Bxd7 Qxd7 29.d6+ Ke6 30.Qc4+ Kf6
31.Rd2 Bf7 32.Qd4+ Kg6 33.Rc2 Nf6 34.Qxb6 Nd5 35.Qc5 Rd8 36.h3 Qxd6 37.hxg4 fxg4
38.Rg1 Qxc5 39.Rxg4+ Kf6 40.Rxc5 Nxe3 41.Rgg5 Nd5 42.Rc6+ Be6 43.Re5 Nxf4
44.Rxe4 Kf5 45.Rxf4+ Kxf4 46.Rxe6 g5 47.Rg6 g4 48.Kb2 g3 49.a4 Rd3 50.a5 Kf3
51.Kc2 Ra3 52.a6 g2 53.Kb2 Rxa6 54.Rxa6 g1=Q 55.Rc6 Qd4+ 56.Rc3+ Ke2 57.Kc2 Qa4+
58.Kb2 Qb4+ 59.Kc2 Qa4+ 60.Kb2 Kd2  0-1

[Event "5th Geller Mem Open A"]
[Site "Odessa UKR"]
[Date "2009.08.20"]
[Round "1"]
[White "Nedilko,V"]
[Black "Baranov,J"]
[Result "1-0"]
[WhiteElo "2414"]
[BlackElo "2163"]

1.d4 d5 2.c4 Nc6 3.Nc3 dxc4 4.d5 Ne5 5.f4 Nd7 6.e4 Nb6 7.a4 a5 8.Be3 e6 9.Bxb6 cxb6
10.Bxc4 Bc5 11.Bb5+ Kf8 12.Nf3 Nf6 13.dxe6 Bxe6 14.f5 Bd7 15.Bxd7 Nxd7 16.Qd3 Nf6
17.O-O-O Qe8 18.e5 Ng4 19.Ne4 Nxe5 20.Qd5 Nxf3 21.gxf3 Qxa4 22.Nxc5 bxc5
23.Rhe1 Qf4+ 24.Kb1 Qc7 25.Qd7 Qxd7 26.Rxd7 Kg8 27.Ree7 Rf8 28.Rxb7 h5 29.Rec7 Rh6
30.Rxc5 Ra8 31.Rbb5 Rha6 32.Ka2 Kh7 33.Ka3 a4 34.Rb4 Kh6 35.h4 Ra5 36.Rcb5 Rxb5
37.Rxb5 Ra6 38.Kb4 g5 39.fxg6 fxg6 40.Ka3 Rf6 41.Kxa4 Rxf3 42.Rb4 Rf5 43.Rc4 g5
44.Rc6+ Kg7 45.hxg5 Rxg5 46.b4 h4 47.Rc3 Kg6 48.b5 Rg3 49.Rc6+ Kf5 50.Rc5+ Kf4
51.Rc4+ Kg5 52.b6 Rg1 53.b7  1-0

[Event "5th Geller Mem Open A"]
[Site "Odessa UKR"]
[Date "2009.08.21"]
[Round "2"]
[White "Fingerov,D"]
[Black "Kalinina,O"]
[Result "1/2-1/2"]
[WhiteElo "2376"]
[BlackElo "2229"]

1.d4 d5 2.c4 Nc6 3.Nf3 Bg4 4.Nc3 e6 5.Bf4 Nf6 6.e3 Bb4 7.Rc1 O-O 8.a3 Bxc3+
9.bxc3 Qe7 10.c5 e5 11.Bg5 h6 12.Bxf6 Qxf6 13.Be2 Rfd8 14.O-O b6 15.Nxe5 Bxe2
16.Qxe2 Nxe5 17.dxe5 Qxe5 18.Qb5 Qe7 19.c4 c6 20.Qa4 bxc5 21.Qxc6 Rac8 22.Qa4 d4
23.exd4 cxd4 24.Qb4  1/2-1/2

[Event "XXVI Open A"]
[Site "Collado Villalba ESP"]
[Date "2009.08.24"]
[Round "4"]
[White "Collado Barbas,L"]
[Black "Bote,V"]
[Result "1-0"]
[WhiteElo "2055"]
[BlackElo "2190"]

1.d4 d5 2.c4 Nc6 3.Nf3 Bg4 4.Nc3 e6 5.Bf4 Bd6 6.Bg3 Bxf3 7.gxf3 h5 8.Bxd6 Qxd6
9.e3 Qb4 10.Qb3 Qxb3 11.axb3 O-O-O 12.f4 Nf6 13.Ra4 Kb8 14.c5 Ne7 15.b4 Nc8
16.Bd3 g6 17.Ke2 Rhe8 18.Rha1 Re7 19.b5 Ne8 20.Na2 Ng7 21.Nb4 Nf5 22.R1a3 Ng7
23.Nc6+ bxc6 24.bxc6 Ne8 25.Ba6 Ned6 26.cxd6 cxd6 27.Bb7 Rde8 28.b4 Rg8 29.b5 Rge8
30.Ra6 Rd8 31.Bxc8 Rxc8 32.b6 f6 33.b7 Rd8 34.Rxa7 Ree8 35.Ra8+ Kc7 36.Rxd8 Rxd8
37.Ra8 Rb8 38.h4  1-0

[Event "XXVI Open A"]
[Site "Collado Villalba ESP"]
[Date "2009.08.26"]
[Round "6"]
[White "Nieto de la Cruz,J"]
[Black "San Juan Rodriguez,M"]
[Result "0-1"]
[WhiteElo "2132"]
[BlackElo "2054"]

1.d4 d5 2.c4 Nc6 3.cxd5 Qxd5 4.e3 e5 5.Nc3 Bb4 6.Bd2 Bxc3 7.bxc3 Nge7 8.Nf3 e4
9.Ng1 O-O 10.Qc2 Re8 11.Ne2 Ng6 12.Ng3 Nh4 13.c4 Qg5 14.O-O-O Qe7 15.Qb2 Bg4
16.Re1 a5 17.a3 a4 18.h3 Bd7 19.Be2 Na5 20.Bc3 Nb3+ 21.Kb1 f6 22.Nh5 b5 23.d5 Ra6
24.cxb5 Rb6 25.d6 Qf7 26.g4 Bxb5 27.dxc7 Nf3 28.Bb4 Nxe1 29.Rxe1 Qxc7 30.Nf4 Bxe2
31.Rxe2 Rc6 32.Rc2 Rd8 33.Rxc6 Rd1+ 34.Ka2 Qxc6 35.Ne2 Ra1+ 36.Qxa1 Nxa1
37.Kxa1 Qc4 38.Ng3 Qc1+ 39.Ka2 Qc2+ 40.Ka1 Qxf2 41.Nxe4 Qxe3 42.Nc5 Qc1+
43.Ka2 Kf7 44.h4 Qd1 45.Kb2 Qxg4 46.Nxa4 Qe2+ 47.Kb3 f5 48.Nc3 Qe6+ 49.Kc2 f4
50.Kd1 f3 51.Bc5 Qc4  0-1

[Event "5th Geller Mem Open A"]
[Site "Odessa UKR"]
[Date "2009.08.27"]
[Round "8"]
[White "Baranov,J"]
[Black "Kalinina,O"]
[Result "1-0"]
[WhiteElo "2163"]
[BlackElo "2229"]

1.d4 d5 2.c4 Nc6 3.Nc3 dxc4 4.d5 Ne5 5.f4 Ng4 6.e4 e5 7.f5 h5 8.Nf3 Bd6 9.Bxc4 Bd7
10.h3 N4f6 11.Bg5 Qe7 12.Qb3 O-O-O 13.O-O-O a6 14.Kb1 g6 15.fxg6 fxg6 16.Rc1 Qg7
17.Be3 Rf8 18.Ng5 Ne7 19.Rhd1 Nh7 20.Ne6 Bxe6 21.dxe6 Re8 22.Qa4 Qg8 23.Bxa6 Qxe6
24.Bc4 Qf6 25.Rf1 Nf5 26.Nd5  1-0

[Event "XI Sants Open"]
[Site "Barcelona ESP"]
[Date "2009.08.28"]
[Round "8"]
[White "Alonso Rosell,A"]
[Black "Peek,Mar"]
[Result "1-0"]
[WhiteElo "2461"]
[BlackElo "2348"]

1.d4 d5 2.c4 Nc6 3.Nc3 dxc4 4.d5 Ne5 5.f4 Nd7 6.e4 Nb6 7.a4 a5 8.Be3 e6 9.Bxb6 cxb6
10.Bxc4 Bb4 11.Bb5+ Kf8 12.d6 Qxd6 13.Qf3 e5 14.Ne2 Nf6 15.f5 Bd7 16.Rd1 Qc7
17.Bxd7 Nxd7 18.O-O Nf6 19.Nd5 Nxd5 20.Rxd5 Kg8 21.Kh1 Re8 22.Rc1 Qe7 23.Qd3 h5
24.Rd7 Qf6 25.Rcc7 Rf8 26.Ng1 Rh6 27.Nf3 g6 28.Rd5 Re8 29.Qb5 Re7 30.Rxe7 Bxe7
31.Qe8+ Kg7 32.Rd7 Bd6 33.Ng5  1-0

[Event "18th TCh-CRO b"]
[Site "Sibenik CRO"]
[Date "2009.09.23"]
[Round "3"]
[White "Komljenovic,D"]
[Black "Miladinovic,I"]
[Result "1/2-1/2"]
[WhiteElo "2433"]
[BlackElo "2547"]

1.d4 d5 2.c4 Nc6 3.cxd5 Qxd5 4.e3 e5 5.Nc3 Bb4 6.Bd2 Bxc3 7.Bxc3 exd4 8.Ne2 Nf6
9.Nxd4 O-O 10.Qb3 Nxd4 11.Bxd4 Qg5 12.Bxf6 Qxf6 13.Bc4 b6 14.O-O Bb7 15.Rad1 Rad8
16.Rxd8 Rxd8 17.Rd1 Rxd1+ 18.Qxd1  1/2-1/2

[Event "18th TCh-CRO b"]
[Site "Sibenik CRO"]
[Date "2009.09.27"]
[Round "7"]
[White "Vujec,I"]
[Black "Brenc,T"]
[Result "1/2-1/2"]
[WhiteElo "1977"]
[BlackElo "2101"]

1.d4 d5 2.c4 Nc6 3.Nf3 e5 4.Nxe5 Nxe5 5.dxe5 d4 6.e3 Bb4+ 7.Nd2 dxe3 8.Qa4+ Bd7
9.Qxb4 Qh4 10.Ne4 Qxe4 11.Bxe3 O-O-O 12.O-O-O Ne7 13.Bd3 Qxe5 14.Qc5 Nc6
15.Qxe5 Nxe5 16.Bf4 Rhe8 17.Bxe5 Rxe5 18.Rhe1 Rxe1 19.Rxe1 Be6 20.Kc2 Rd4
21.Kc3  1/2-1/2

[Event "18th TCh-CRO w"]
[Site "Sibenik CRO"]
[Date "2009.09.28"]
[Round "8"]
[White "Javakhishvili,L"]
[Black "Gara,A"]
[Result "1-0"]
[WhiteElo "2472"]
[BlackElo "2365"]

1.d4 d5 2.c4 Nc6 3.Nf3 Bg4 4.Nc3 e6 5.Bf4 Bxf3 6.gxf3 dxc4 7.e3 Bd6 8.Bg3 Nge7
9.Bxc4 Nf5 10.d5 Nxg3 11.hxg3 exd5 12.Bxd5 Qd7 13.f4 O-O-O 14.Qf3 Na5 15.Rd1 c6
16.Be4 Nc4 17.Rd4 Nb6 18.O-O Kb8 19.b4 f5 20.Bc2 Qe7 21.Rb1 c5 22.Nd5 Nxd5
23.bxc5 Bxc5 24.Rxd5 Rxd5 25.Qxd5 Bb6 26.Bxf5 Rd8 27.Qe6 Qxe6 28.Bxe6 Rd2
29.Rc1 Bc7 30.Kg2 Rb2 31.Rd1 Rb6 32.Bg8 Rd6 33.Rxd6 Bxd6 34.Bxh7 Kc7 35.g4 Kd7
36.Kf3 Bb4 37.Bd3 Be1 38.Ke2 Bc3 39.Bc4 Kc6 40.f5 b5 41.Bf7 a5 42.Kd3 b4
43.Be8+ Kd6 44.f4 Bb2 45.Ba4 Bc1 46.g5 Ke7 47.Ke4 Bb2 48.Kf3 Bc3 49.e4 Bb2
50.e5 Bc3 51.Ke4 Bd2 52.f6+ gxf6 53.exf6+ Kf7 54.Kf5 Bc3 55.g6+ Kg8 56.Bb3+  1-0

[Event "IMA"]
[Site "Zdar nad Sazavou CZE"]
[Date "2009.10.01"]
[Round "7"]
[White "Rosko,L"]
[Black "Vojta,T"]
[Result "1-0"]
[WhiteElo "2298"]
[BlackElo "2374"]

1.d4 d5 2.c4 Nc6 3.Nf3 Bg4 4.e3 e5 5.Qb3 Bxf3 6.gxf3 dxc4 7.Bxc4 Qd7 8.dxe5 Na5
9.Qb5 Nxc4 10.Qxc4 Ne7 11.Nc3 Ng6 12.f4 O-O-O 13.Qe2 Nh4 14.Rg1 h5 15.Rg3 Nf5
16.Rg5 Be7 17.Rg1 Nh4 18.Rg3 Nf5 19.Rg1 Bh4 20.Bd2 Rh6 21.O-O-O Qc6 22.Kb1 Rhh8
23.Bc1 g6 24.f3 Be7 25.Rxd8+ Rxd8 26.Rd1 Rxd1 27.Qxd1 Qd7 28.Kc2 Nh4 29.Qe2 Qh3
30.Qc4 Qe6 31.Qf1 Nf5 32.Qd3 Nh4 33.Qf1 g5 34.fxg5 Qf5+ 35.e4 Qxf3 36.Qc4 Qf2+
37.Kb1 Nf3 38.e6 Ne5 39.Qd5 f6 40.gxf6 Qxf6 41.Qb3 c6 42.a3 Qf1 43.Qd1 Qh3
44.Bf4 Qxe6 45.Qxh5 Ng6 46.Bg3 Kd8 47.Qf5 Qg8 48.Kc2 a6 49.Qa5+ Ke8 50.Qc7 Qc4
51.Qxb7 Bf6 52.Qb8+ Ke7 53.Bd6+ Kd7 54.e5 Bd8 55.Qb7+ Ke8 56.Qb3 Qg4 57.Qg8+ Kd7
58.Qf7+ Be7 59.Kb3 a5 60.Na4 Qd1+ 61.Ka2 Qxa4 62.Qf5+ Kd8 63.Qxg6 Qc4+ 64.Ka1 Qf1+
65.Qb1 Qe2 66.Bxe7+ Kxe7 67.Qh7+ Ke8 68.Qg6+ Kf8 69.Qf6+ Kg8 70.Qg5+ Kf7
71.Qf6+ Kg8 72.Qg6+ Kf8 73.Qd6+ Kg8 74.Qb8+ Kg7 75.Qc7+ Kg8 76.Qc8+ Kg7 77.Qd7+ Kf8
78.Qc8+ Kg7 79.Qxc6 Qd1+ 80.Ka2 a4 81.Qc7+ Kg8 82.Qc4+ Kf8 83.h4 Kg7 84.Qc7+ Kg8
85.Qc8+ Kg7 86.Qb7+ Kg6 87.Qe4+ Kf7 88.Qc4+ Kg6 89.Qe4+ Kf7 90.Qf5+ Ke7 91.Qf6+ Ke8
92.Qe6+  1-0

[Event "Unive Open"]
[Site "Hoogeveen NED"]
[Date "2009.10.18"]
[Round "3"]
[White "Sadallah,O"]
[Black "Beijerinck,N"]
[Result "1-0"]
[WhiteElo "2156"]
[BlackElo "2044"]

1.d4 d5 2.c4 Nc6 3.Nf3 Bg4 4.cxd5 Bxf3 5.exf3 Qxd5 6.Be3 e5 7.Nc3 Bb4 8.dxe5 Qxe5
9.Qb3 Nd4 10.Qa4+ b5 11.Qa6 Rd8 12.O-O-O Bxc3 13.bxc3 Nb3+ 14.Kb1  1-0

[Event "Unive Open"]
[Site "Hoogeveen NED"]
[Date "2009.10.23"]
[Round "8"]
[White "Galje,H"]
[Black "Akotchik,V"]
[Result "1-0"]
[WhiteElo "2139"]
[BlackElo "2102"]

1.d4 d5 2.c4 Nc6 3.cxd5 Qxd5 4.e3 e5 5.Nc3 Bb4 6.Bd2 Bxc3 7.bxc3 Qd6 8.Bd3 Nf6
9.f3 Be6 10.Ne2 O-O-O 11.O-O g5 12.Ng3 Ne7 13.Qa4 Kb8 14.Rab1 Bc8 15.Ne4 Nxe4
16.fxe4 Rhf8 17.Rb3 f5 18.Rfb1 Ka8 19.Ra3 a6 20.Qb3 c5 21.Ra5 Nc6 22.Rxc5 Qxc5
23.dxc5 Rxd3 24.Be1 f4 25.exf4 gxf4 26.Rd1 Re3 27.Qc2 Bg4 28.Rb1 f3 29.Bf2 Re2
30.Qb3 Na5 31.Qb6 Bc8 32.Qxa5 fxg2 33.Bg3 Bh3 34.Bf4 Bd7 35.Rxb7 Re1+ 36.Kxg2 Kxb7
37.Qb6+ Kc8 38.Qxa6+ Kd8 39.Bg5+ Kc7 40.Qd6+  1-0